00518nam a22001577a 4500003000400000005001700004008004100021020001800062040002900080050002700109100003800136245007300174260004000247300001000287650006300297OSt20250813094105.0250813b |||||||| |||| 00| 0 eng d a9781593574246 cChuka University Library aHF 5382.5 .U5F373 2007 aMichael Farr and Laurence Shatkin aToday's Hot Job Targets: find Careers and Cities with Big Job Growth aIndianapolis, USAbJist Worksc2007 a200P. a1. Occupation.........United States 2. Vocational Guidance